El rabino /

Guardado en:
Detalles Bibliográficos
Autor principal: Gordon, Noah (autor)
Formato: Libro
Idioma:Español
Publicado: Barcelona, España : Ediciones B, 1993, c1993
Colección:(VIB ; 1/2)
Temas:
Etiquetas: Agrega una etiqueta
Sin etiquetas, Sé el primero en etiquetar este registro!

MARC

LEADER 00000nam^a2200000^a^4500
001 000581270
005 20250521000000.0
008 150911 19931993
009 20260310132606.862
020 |a 84-406-3465-X 
037 |a Acervo ITESO - Biblioteca 
041 |a ESP 
082 |a 813.  |b GOR 
100 |a Gordon, Noah  |e (autor) 
245 1 3 |a El rabino /  |c N. Gordon ; tr. por Adolfo Martín. 
264 4 |a Barcelona, España :  |b Ediciones B,  |c 1993, c1993 
300 |a 606 p. 
336 |a texto  |b txt  |2 rdacontenido 
337 |a sin mediación  |b n  |2 rdamedio 
338 |a volumen  |b nc  |2 rdasoporte 
440 1 |a (VIB ;  |v 1/2) 
500 |a Traducción de: The Rabbi 
545 0 |a Noah Gordon, formado en periodismo y letras en la Universidad de Boston, ha colaborado con The Boston Herald y The Worcester Telegram. El reconocimiento público le viene, sin embargo, por su trabajo literario, que ha merecido premios como el James Fenimore Cooper (EUA), el del Club del Libro de Bertelsmann (Alemania) y el Bancarella (Italia). El médico, Chamán y La doctora Cole, es una saga en torno a los Cole, familia escocesa con larga tradición en la medicina. Otros de sus títulos son: El rabino; El comité de la muerte; El diamante de Jerusalén; y El último judío, entre otros. 
649 |a XX 
650 |a Ministros Religiosos en la Literatura 
650 |a Novela Judía 
650 |a Novela Norteamericana 
650 |a Religión y Literatura 
650 |a Literatura Judía -  |y Siglo XX 
650 |a Literatura Norteamericana -  |y Siglo XX 
650 |a Judaísmo -  |z EUA 
910 |a Fondo General 
920 |a Impresos - Libros 
930 |a Colección General 
940 |a Literatura 
905 |a 101 
901 |a 0500409392  |b IT1  |c LIT  |i D130961  |u 20250521 
902 |a https://opac.biblio.iteso.mx/vufind/Record/000581270